লালসালুদের শিংগা : (Record no. 85027)
[ view plain ]
| 000 -LEADER | |
|---|---|
| fixed length control field | 00706nam a2200205 a 4500 |
| 001 - CONTROL NUMBER | |
| control field | 85027 |
| 003 - CONTROL NUMBER IDENTIFIER | |
| rucl marc code | BD-RjUL |
| 005 - DATE AND TIME OF LATEST TRANSACTION | |
| control field | 20250622114259.0 |
| 008 - FIXED-LENGTH DATA ELEMENTS--GENERAL INFORMATION | |
| fixed length control field | 250622s2025 bg ||||| |||| 00| 0 ben d |
| 035 ## - SYSTEM CONTROL NUMBER | |
| System control number | (BD-RjUL)85027 |
| 040 ## - CATALOGING SOURCE | |
| Original cataloging agency | BD-RjUL |
| Language of cataloging | eng |
| Transcribing agency | BD-RjUL |
| 041 ## - LANGUAGE CODE | |
| Language code of text/sound track or separate title | ben |
| 082 ## - DEWEY DECIMAL CLASSIFICATION NUMBER | |
| Edition number | 23 |
| Classification number | 297.09 |
| Author mark and year | AHL 2025 |
| 100 ## - MAIN ENTRY--PERSONAL NAME | |
| Personal name | আহমদ, কাজী কামাল |
| 9 (RLIN) | 15687 |
| 245 ## - TITLE STATEMENT | |
| Title | লালসালুদের শিংগা : |
| Remainder of title | বিচারদিনের অনুস্মারক / |
| Statement of responsibility, etc. | কাজী কামাল আহমদ |
| 300 ## - PHYSICAL DESCRIPTION | |
| Pagination | ৮০ পৃ.; |
| Size | ২২ সেমি. |
| 650 ## - SUBJECT ADDED ENTRY--TOPICAL TERM | |
| Topical term or geographic name as entry element | ইসলাম |
| General subdivision | ইতিহাস |
| 9 (RLIN) | 15706 |
| Topical term or geographic name as entry element | Islam |
| General subdivision | History |
| 942 ## - ADDED ENTRY ELEMENTS (KOHA) | |
| Source of classification or shelving scheme | Dewey Decimal Classification |
| Koha item type | Books |
| Lost status | Source of classification or shelving scheme | Damaged status | Not for loan | Collection code | Permanent Location | Current Location | Shelving location | Date acquired | Source of acquisition | Total Checkouts | Full call number | Date last seen | Copy number | Koha item type |
|---|---|---|---|---|---|---|---|---|---|---|---|---|---|---|
| Dewey Decimal Classification | Not For Loan | Non-fiction | Central Library, University of Rajshahi | Central Library, University of Rajshahi | Reading Room | 28/05/2025 | Raquib sha Research Center | B 297.09 AHL 2025 | 22/06/2025 | C-1 | Books | |||
| Dewey Decimal Classification | Non-fiction | Central Library, University of Rajshahi | Central Library, University of Rajshahi | General Stacks | 28/05/2025 | Raquib sha Research Center | B 297.09 AHL 2025 | 22/06/2025 | C-2 | Books |